Theory of Algebraic Numbers /
Saved in:
| Main Author: | |
|---|---|
| Format: | Book (Paper) |
| Language: | English |
| Published: |
Berlin :
Springer-Verlag ,
1959
|
| Tags: |
Add Tag
No Tags, Be the first to tag this record!
|
| Institutions: | Thư viện Trường Đại học Đà Lạt |
|---|
| LEADER | 00549nam a2200241 4500 | ||
|---|---|---|---|
| 001 | DLU020011478 | ||
| 005 | ##1/14/2000 | ||
| 041 | # | # | |a eng |
| 082 | # | # | |a 512.74 |b AR-E |
| 090 | # | # | |a 512.74 |b AR-E |
| 100 | # | # | |a Artin, Emil |
| 245 | # | # | |a Theory of Algebraic Numbers / |c Artin Emil |
| 260 | # | # | |a Berlin : |b Springer-Verlag , |c 1959 |
| 300 | # | # | |a 172 tr.; |c 20 cm. |
| 992 | # | # | |a 3000 |
| 994 | # | # | |a DLU |
| 900 | # | # | |a False |
| 911 | # | # | |a Administrator |
| 925 | # | # | |a G |
| 926 | # | # | |a A |
| 927 | # | # | |a SH |
| 980 | # | # | |a Thư viện Trường Đại học Đà Lạt |